000 01497nam a2200289 a 4500
001 48350
003 BD-RjUL
005 20211209054515.0
008 160813s1989 ii a|||| |||| 001 0 ben d
020 _c: Tk. 80.00
035 _a(BD-RjUL)48469
040 _aBD-RjUL
_bben
_cBD-RjUL
041 _aben
082 _223
_a891.4409
_bGUP 1989
100 _aগুপ্ত, বিপিনবিহারী
_9146346
245 1 0 _aপুরাতন প্রসঙ্গ /
_cবিপিনবিহারী গুপ্ত ; সম্পাদক অসিতকুমার বন্দ্যোপাধ্যায় ; সহ-সম্পাদক অশোক দাস, দীপান্বিতা সেন
250 _aপ্রথম পুস্তক বিপণি সং.
260 _aকলকাতা :
_bপুস্তক বিপণি,
_c১৯৮৯
300 _a[৩০], ৩৯৮ পৃ. :
_bচিত্র ;
_c১৯ সেমি
500 _aনির্ঘণ্ট সংযুক্ত
650 _aবাংলা সাহিত্য
_xইতিহাস ও সমালোচনা
_9146347
650 _aBengali Literature
_xHistory and Criticism
_9146348
700 _aবন্দ্যোপাধ্যায়, অসিতকুমার, সম্পাদক
_9146349
700 _aদাস, অশোক,
_9146350
700 _a সেন, দীপান্বিতা, সহ-সম্পাদক
_9146351
942 _2ddc
_cBK
999 _c48350
_d48350